[Event "Barreirinhas Athenas op"]
[Site "Barreirinhas"]
[Date "2015.10.18"]
[Round "6"]
[White "Barbosa, Bruno Master Montei"]
[Black "Abreu, Nilton Silva"]
[Result "0-1"]
[WhiteElo "1653"]
[BlackElo "2048"]
[PlyCount "86"]
[EventDate "2015.10.16"]
[EventType "swiss"]
[EventRounds "6"]
[EventCountry "BRA"]
[SourceTitle "CBM 168 Extra"]
[Source "ChessBase"]
[SourceDate "2015.10.29"]
[SourceVersion "1"]
[SourceVersionDate "2015.10.29"]
[SourceQuality "1"]

1. d4 Nf6 2. c4 e6 3. g3 Be7 4. Bg2 0-0 5. Nf3 c5 6. e3 cxd4 7. exd4 d5 8. c5 Nc6 9. 0-0 Ne4 10. Nc3 f5 11. Bf4 Bd7 12. Nd2 g5 13. Be5 Nxe5 14. dxe5 Nxc3 15. bxc3 Bxc5 16. Rb1 Bc6 17. Qh5 Be7 18. f4 Qe8 19. Qe2 g4 20. Nb3 Bb5 21. Qd2 Bxf1 22. Bxf1 Rc8 23. Nd4 Bc5 24. Rxb7 Qc6 25. Rb3 Rb8 26. Kg2 Bxd4 27. cxd4 Rxb3 28. axb3 Rb8 29. b4 a6 30. h3 h5 31. hxg4 hxg4 32. Kg1 Qb7 33. b5 axb5 34. Qb4 Qb6 35. Kg2 Kf7 36. Bd3 Ra8 37. Kf2 Ra4 38. Qb2 Qxd4+ 39. Qxd4 Rxd4 40. Bxb5 Rd2+ 41. Ke3 Rg2 42. Be2 Rxg3+ 43. Kf2 Ra3 0-1